| 000 | 00501nam a2200169 i 4500 | ||
|---|---|---|---|
| 001 | 71098 | ||
| 003 | ES-MaACL | ||
| 005 | 20230906171023.0 | ||
| 007 | t| | ||
| 008 | 040805s1901 fr ||||1| fre d | ||
| 100 | 1 |
_aGatti, G. _955974 |
|
| 245 | 1 | 3 |
_aLe socialisme et l'agriculture / _cG. Gatti ; avec une introduction de G. Sorel. |
| 260 |
_aParís : _b[s.n., _c1901] ( _eSaint Amand : _fBussière) |
||
| 300 |
_a342 p. ; _c19 cm. |
||
| 700 | 1 |
_aSorel, Georges. _9107335 |
|
| 852 |
_aES-MaACL _jF-11141 |
||
| 999 |
_c71098 _d71098 |
||